Rubber research in Hainan, S. China: Stress tolerance and the concept of root stock clones (Record no. 67957)

MARC details
000 -LEADER
fixed length control field 00458nam a2200157Ia 4500
100 ## - MAIN ENTRY--AUTHOR NAME
Personal name Meenakumari T
245 #0 - TITLE STATEMENT
Title Rubber research in Hainan, S. China: Stress tolerance and the concept of root stock clones
260 ## - PUBLICATION, DISTRIBUTION, ETC. (IMPRINT)
Name of publisher Rubber Board Bulletin
Year of publication 2011
300 ## - PHYSICAL DESCRIPTION
Number of Pages 16-20
650 ## - SUBJECT ADDED ENTRY--TOPICAL TERM
Topical Term Genetic diversity
650 ## - SUBJECT ADDED ENTRY--TOPICAL TERM
Topical Term Molecualr markers
650 ## - SUBJECT ADDED ENTRY--TOPICAL TERM
Topical Term Root stock
650 ## - SUBJECT ADDED ENTRY--TOPICAL TERM
Topical Term Stress tolerance
942 ## - ADDED ENTRY ELEMENTS (KOHA)
Koha item type Journals
Holdings
Withdrawn status Lost status Damaged status Not for loan Home library Current library Shelving location Date acquired Serial Enumeration / chronology Koha item type
      Journals RRII Library RRII Library Botany 11/11/2011 Volume 30, Issue 2 Journals